| 000 | 00893nam a22001935i 4500 | ||
|---|---|---|---|
| 001 | 165446 | ||
| 003 | ES-MaACL | ||
| 005 | 20230906213134.0 | ||
| 008 | 050825s1876 xxka | |||||||| ||eng d | ||
| 040 |
_aCAM _bspa _cCAM |
||
| 100 | 1 |
_aSmith, George. _9106874 |
|
| 245 | 1 | 4 |
_aThe chaldean account of Genesis _b: containing the description of the creation, the fall of man, the deluge, the tower of Babel, the times of the patriarchs, and nimrod, babylonian fables, and legends of the gods, from the cuneiform inscriptions / _cby George Smith. |
| 250 | _a3rd ed. | ||
| 260 |
_aLondon : _bSampson Low, Marston, Searle and Rivington, _c1876 ( _fChiswick Presse, printed by Whittingham and Wilkins) |
||
| 300 |
_aXVI, 319 p., [5] h. de lám. : _bil. ; _c22 cm. |
||
| 650 | 4 |
_aCaldeos. _9135707 |
|
| 651 | 4 |
_aMesopotamia. _9137258 |
|
| 852 |
_aES-MaACL _jG-11513 _z-- Enc. editorial en tela grab. |
||
| 999 |
_c165446 _d165446 |
||